|
|
|
|
| LEADER |
00847nam a22002292a 4500 |
| 001 |
000447833 |
| 003 |
CZ BrMZK |
| 005 |
20110421125724.0 |
| 008 |
990307s1975 xr f cze d |
| 040 |
|
|
|a BOA001
|b cze
|c BOA001
|
| 080 |
|
|
|a 794.1:061.237(437.138)
|2 MRF
|
| 080 |
|
|
|a 061.237(437.138):794.1
|2 MRF
|
| 100 |
1 |
|
|a Prachař, Vladimír
|7 mzk2009553409
|4 aut
|
| 245 |
1 |
0 |
|a 80 let šachu v Náchodě /
|c Vladimír Prachař.
|
| 246 |
3 |
0 |
|a Osmdesát let šachu v Náchodě
|
| 260 |
|
|
|a Náchod :
|b Tělovýchovná jednota,
|c [1975?]
|
| 300 |
|
|
|a 34 s.
|
| 710 |
1 |
2 |
|a Tělovýchovná jednota Náchod.
|b Šachový oddíl
|
| 910 |
|
|
|a BOA001
|b PK-Š-0001.347
|
| 964 |
|
|
|a Náchod - Spolek českých šachistů - výročí 80. - sborníky
|
| 990 |
|
|
|a BK
|
| 996 |
7 |
|
|b 3119833738
|c PK-Š-0001.347
|l MZK
|r Sklad / do 1 hodiny
|n 0
|w 000447833
|u 000010
|a 1
|e BOA001
|j MZK50
|s A
|